000 00824cam a22002531 4500
001 3199
003 BD-RjUL
005 20211208233707.0
008 131218s1954 mduab 001 0 eng
035 _a(BD-RjUL)3233
035 _a(OCoLC)6327233
040 _aDLC
_cTxCM
_dUk
_dDLC
_dBD-RjUL
_beng
041 _aeng
082 0 0 _a332.15
_bWOI 1954
110 2 _aWorld Bank.
_96092
245 1 4 _aThe International Bank for Reconstruction and Development, 1946-1953 /
_cWorld Bank.
260 _aBaltimore :
_bPublished for the International Bank for Reconstruction and Development by the Johns Hopkins Press,
_cc1954.
300 _a273 p. :
_bfold. col. maps, diagrs., tables. ;
_c24 cm.
504 _aIncludes index.
610 2 0 _aWorld Bank.
_96092
942 _2ddc
_cBK
999 _c3199
_d3199